Born in Gdansk - Statistics

General Stats
  • This quiz has been taken 56 times
    7 since last reset
  • The average score is 5 of 10
Answer Stats
Hint Answer % Correct
Prime minister of Poland since 2023 and previously from 2007 to 2014, he was the President of the European Council from 2014 to 2019 1957 Donald Tusk
100%
Physicist and inventor of scientific instruments, known for his temperature scale 1688 Daniel Gabriel Fahrenheit
71%
President of Poland since 2025 1983 Karol Nawrocki
71%
Mayor of Gdansk from 1998 until his assassination in 2019 1965 Pawel Adamowicz
71%
German philosopher, "The World as Will and Representation" 1788 Arthur Schopenhauer
57%
Astronomer, "founder of lunar topography" and mayor of Gdansk 1611 Johannes Hevelius
57%
German Nobel Prize in Literature recipent, "The Tin Drum" "Cat and Mouse" 1927 Günter Grass
43%
Footballer who plays for Galatasaray and the Polish national team 1995 Przemyslaw Frankowski
29%
German-Polish boxer and former world champion in two weight classes 1968 Dariusz Michalczewski
14%
German actor, renowned for his intense perfomances and his volatile personality, "Aguirre, the Wrath of God" "Woyzeck" 1926 Klaus Kinski
14%
No matching quizzes found
Score Distribution
Percent of People with Each Score
Percentile by Number Answered
Your Score History
You have not taken this quiz since the last reset